000 00649nam a2200277Ia 4500
005 20260324145401.0
008 008 260324s9999 xx 000 0 eng d
020 _a9781315650135
037 _aEBOOK
040 _aCRL
040 _beng
040 _cCRL
041 _2eng
041 _aeng
084 _qCRL
100 _aP.C. T'ung; D.E. Pollard
_91222767
245 0 _aT'ung & Pollard's Colloquial Chinese
260 _bTaylor and Francis
260 _c1982
365 _a
365 _b250
856 _uhttp://www.taylorfrancis.com/books/9781315650135
942 _cEBOOK
999 _c1830611
_d1830611